Exploring judgemental forecasting.
Skúma sa dokumentovaný vplyv úsudkových systematických chýb a heuristiky na prognózy časových radov. Pri výskume sa menila prezentácia radu, dĺžka radu a typ radu na zistenie vplyvov pôsobiacich pri úsudkovom prognózovaní. Použité časové rady boli modelované zo stacionárneho ARMA procesu.
Gespeichert in:
| 1. Verfasser: | |
|---|---|
| Weitere Verfasser: | |
| Format: | Buchkapitel |
| Sprache: | Englisch |
| Schlagworte: | |
| Tags: |
Keine Tags, Fügen Sie das erste Tag hinzu!
|
MARC
| LEADER | 00000naa a2200000 4500 | ||
|---|---|---|---|
| 001 | r009341 | ||
| 005 | 20221208122701.1 | ||
| 041 | 0 | |a eng | |
| 044 | |a NL | ||
| 245 | 1 | 0 | |a Exploring judgemental forecasting. |c M. Lawrence, M. O'Connor |
| 520 | |a Skúma sa dokumentovaný vplyv úsudkových systematických chýb a heuristiky na prognózy časových radov. Pri výskume sa menila prezentácia radu, dĺžka radu a typ radu na zistenie vplyvov pôsobiacich pri úsudkovom prognózovaní. Použité časové rady boli modelované zo stacionárneho ARMA procesu. | ||
| 610 | 2 | 0 | |a prognózy |
| 610 | 2 | 0 | |a metódy prognostické |
| 610 | 2 | 0 | |a heuristika |
| 610 | 2 | 0 | |a rady časové |
| 100 | 1 | |a Lawrence, M. | |
| 700 | 1 | |a O'Connor, M. | |